000 01185nam a2200289Ia 4500
003 OSt
005 20221007121843.0
006 a|||||r|||| 00| 0
007 ta
008 221006b |||||||| |||| 00| 0 eng d
020 _a0849310377 (hbd)
_c
_ 79.95
024 _a10978
037 _bApple,
_cTextual
040 _aBDL
_cBDL
_beng
041 _2eng
_aeng
082 _aI:4, P4
100 _aTrigiano Robert N Ed
_9416054
245 0 _aPlant pathology: concepts and laboratory exercises ed by Robert N Trigiano and others
_b Windham Mark T Ed Windham Alan S
260 _aBoca
_bRaton CRC Press
_c2004
300 _a413p
_ccm.
500 _aIncludes bibliographical references; Glossary 379-391p; Appendix 1-2, 393-396p; Index 397-413p; ^n23/CSL/CARB/2003-2004/849^d2003-10-15^mPurchase; ; 2003-04/353^b2003-10-31^c075/2003-2004^d2003-10-29^eRs.3,272.50^fApple Books; ; 2003-12-02^bSB^c2003-12-02^dVinay
650 _aPlant,Pathology
_9458891
700 _a Windham Alan S
_9713045
700 _a Windham Mark T Ed
_9710165
942 _hI:4, P4
_cTEXL
_2CC
999 _c1209442
_d1209442